Fábulas: Esopo, Fedro, Iriarte, Samaniego y Hartzenbusch
Uloženo v:
| Médium: | Kniha |
|---|---|
| Jazyk: | španělština |
| Vydáno: |
Santiago
Andrés Bello
2011
|
| Vydání: | 18a. ed |
| Edice: | A Partir de 9 Años, Nivel 2, 29
|
| Témata: | |
| Tagy: |
Přidat tag
Žádné tagy, Buďte první, kdo vytvoří štítek k tomuto záznamu!
|
MARC
| LEADER | 00000cam a2200000 a 4500 | ||
|---|---|---|---|
| 001 | UCF9554 | ||
| 003 | CL-VaPUC | ||
| 008 | 131129e20110000cl |||||||||||||||||spa|d | ||
| 020 | |a 9789561311619 | ||
| 082 | 0 | 4 | |a 398.245 |b FAB |2 21 |
| 245 | 1 | 0 | |a Fábulas: Esopo, Fedro, Iriarte, Samaniego y Hartzenbusch |
| 250 | |a 18a. ed | ||
| 300 | |a 135 p | ||
| 942 | |c BK | ||
| 945 | |d 20131129 12:34:00 |a cmena | ||
| 260 | |a Santiago |b Andrés Bello |c 2011 | ||
| 650 | 7 | |a FABULAS |2 CL-VaPUC |9 571920 | |
| 650 | 0 | |a Antologías |9 309836 | |
| 583 | |a last modification |c 20131129 12:34:00 |k Rodrigo Vera | ||
| 490 | 0 | |a A Partir de 9 Años, Nivel 2, 29 | |
| 999 | |c 353997 |d 353995 | ||